000 00619pam a2200217 a 4500
008
020 _a0201332019
049 _aMAIN
090 _aQA531
_bTRI
245 0 0 _aTrigonometry :
_bgraphs and models /
_cMarvin L. Bittinger ... [et al.].
260 _aBoston :
_bAddison-Wesley,
_cc2001.
300 _a219 p. :
_bill. ;
_c26 cm.
490 _aGraphing calculator manual.
650 0 _aTrigonometry.
700 1 _aBittinger, Marvin L.
907 _a.b10345589
_b24-09-14
_c25-07-14
003
005 20230120144453.0
040 _cNUST
942 _cBOOKS
_kQA531
_mTRI
999 _c97456
_d97456